000 00278nam a22001217a 4500
008 170227b xxu||||| |||| 00| 0 eng d
041 _aeng
080 _a577
100 _a5
101 _aSHMB
245 _aEXPERIMENTAL METHODS IN MODERN BIOCHEMISTRY
_cRENDINA
942 _2udc
_cBK
999 _c6371
_d6371